000
00311nam a2200145Ia 4500
005
20251222153540.0
008
251222s9999||||xx |||||||||||||| ||spa||
020
_a
978-950-23-1743-4
082
_a
184/P71
100
_a
Platón
245
0
_a
Critón
250
_a
3a.ed.
264
_b
Eudeba,
942
_c
LIB
999
_c
30436
_d
30436